| 000 | 00000nam 2200000zi 4500 |
| 001 | 9.893519 |
| 003 | CaOODSP |
| 005 | 20231208082944 |
| 006 | m o d f |
| 007 | cr cn||||||||| |
| 008 | 201112t20202020onc ob f000 0 eng d |
| 020 | |a9780660366494 |
| 040 | |aCaOODSP|beng|erda|cCaOODSP |
| 043 | |an-cn--- |
| 086 | 1 |aA118-10/36-2019E-PDF |
| 245 | 00|aCrop profile for pear in Canada, 2019 / |cprepared by: Pest Management Program, Agriculture and Agri-Food Canada. |
| 250 | |aThird Edition – 2020. |
| 264 | 1|aOttawa : |bAgriculture and Agri-Food Canada = Agriculture et agroalimentaire Canada, |c2020. |
| 264 | 4|c©2020 |
| 300 | |a1 online resource (47 pages) |
| 336 | |atext|btxt|2rdacontent |
| 337 | |acomputer|bc|2rdamedia |
| 338 | |aonline resource|bcr|2rdacarrier |
| 500 | |aIssued also in French under title: Profil de la culture de la poire au Canada, 2019. |
| 500 | |aCover title. |
| 504 | |aIncludes bibliographical references (pages 46-47). |
| 650 | 0|aPears|xDiseases and pests|xControl|zCanada. |
| 650 | 0|aPear industry|zCanada. |
| 710 | 1 |aCanada. |bAgriculture and Agri-Food Canada, |eissuing body. |
| 710 | 2 |aPest Management Centre (Canada), |eissuing body. |
| 775 | 08|tProfil de la culture de la poire au Canada, 2019 / |w(CaOODSP)9.893522 |
| 794 | |tCrop profile for pear in Canada, 2022 / |w(CaOODSP)9.924796 |
| 795 | |tCrop profile for pear in Canada, 2018 / |w(CaOODSP)9.888341 |
| 856 | 40|qPDF|s1.14 MB|uhttps://publications.gc.ca/collections/collection_2020/aac-aafc/A118-10-36-2019-eng.pdf |
| 986 | |a13050E |